| 000 | 00735nam a2200229Ia 4500 | ||
|---|---|---|---|
| 003 | GCL | ||
| 008 | 140319s9999 xx 000 0 ara d | ||
| 040 |
_aGCL / _cGCL |
||
| 082 | 0 | 4 |
_a953.079 _bا ت |
| 100 | 1 | _aاحمد محمود الساداتى | |
| 245 | 1 | 0 |
_aتاريخ المسلمين فى شبة القارة الهندية وحضارتهم / _cاحمد محمود الساداتى |
| 260 |
_a[S.N] : _bمكتبة الاداب ، _c1957 |
||
| 300 | _a241 ص | ||
| 490 | _a | ||
| 650 | 0 | 4 | _aالتاريخ الاسلامى |
| 650 | 0 | 4 | _aالتاريخ |
| 650 | 0 | 4 | _aالهند |
| 650 | 0 | 4 | _aالفتوحات |
| 650 | 0 | 4 | _aالدولة المغولية |
| 650 | 0 | 4 | _aالدولة الغذونوية |
| 942 |
_2ddc _cBK |
||
| 999 |
_c29287 _d29287 |
||